| 000 -LEADER |
| fixed length control field |
00433cam a22001337a 4500 |
| 008 - FIXED-LENGTH DATA ELEMENTS--GENERAL INFORMATION |
| fixed length control field |
180718b1981 xxu||||| |||| 00| 0 eng d |
| 020 ## - INTERNATIONAL STANDARD BOOK NUMBER |
| International Standard Book Number |
0908160852 |
| 082 ## - DEWEY DECIMAL CLASSIFICATION NUMBER |
| Classification number |
B131x94 AU78 |
| 100 ## - MAIN ENTRY--PERSONAL NAME |
| Personal name |
Mathews, R.L. |
| 245 ## - TITLE STATEMENT |
| Title |
Urban federalism : Urban studies in a federal context |
| Statement of responsibility, etc. |
By R.L. Mathews |
| 260 ## - PUBLICATION, DISTRIBUTION, ETC. |
| Place of publication, distribution, etc. |
Canberra |
| Name of publisher, distributor, etc. |
Centre for research on Federal financial relations |
| Date of publication, distribution, etc. |
1981 |
| 300 ## - PHYSICAL DESCRIPTION |
| Extent |
xiii, 169p |
| 650 ## - SUBJECT ADDED ENTRY--TOPICAL TERM |
| Topical term or geographic name entry element |
Urban policy --Australia |